00454nam a2200145 a 45000010005000000030009000050080041000140400028000550820016000831000024000992450111001232600030002343000010002646500034002745141CO-ViMGA141112s2004 ck r 000 u spa d aCO-ViMGAbspacCO-ViMGA04a928.6 M477t1 aTeitelboim, Volodia10aGabriela mistral pública y secreta : btruenos y silencios en la vida del primer nobel latinoAméricano aMexico : bHermes, c1996 a334 p14aMISTRAL, GABRIELA 1889 - 1957